00454 2200157 4500245010600000020002200106250001000128100001900138650002000157005001900177260004200196041001400238084000800252300002700260336000900287 aCOVID-19b : Merekam Jejak Perjalanan Indonesia Bangkit dari Serangan COVID-19cAhmad BaidhowihText a978-623-346-750-6 aCet.1 aAhmad Baidhowi aSocial Sciences a20241015094426 aJakartabKompas Media Nusantarac2023 aIndonesia a904 aviii, 244 hlm :c23 cm atext